Datum a čas kvízu
26
Celkem bodů
Celkový počet nahraných bodů na tomto kvízu bez doplňovacích otázek.
3.
Pořadí na kvízu
Konečné umístění týmu na tomto kvízu.
Zaznamenané odpovědi
| # | Otázka | Odpověď | Body | Výsledky |
|---|---|---|---|---|
| 1. | Odborníci ze Západočeské unive... | sršeň (asijská) | 1 | |
| 2. | Městská rada v anglickém Cambr... | princ Philip | 1 | |
| 3. | Na Velký pátek se to v O<sub>2... | Judas Priest | 0 | |
| 4. | Minulý týden si žena na severu... | s bambulí (od čepice) | 1 | |
| 5. | Kterými slovy na KF se nazývá... | kolem Flander | 1 | |
| 6. | Věříme, že ovládáte velkou pal... | Řecko | 1 | |
| 7. | Kterou měnou se platí na ostro... | dánskou korunou | 1 | |
| 8. | Vyberte zemi, jejíž zkratka ná... | C | 0 | |
| 9. | V Evropské unii žije momentáln... | 1D 2C 3A 4B | 1 | |
| 10. | Na snímku z letiště můžete spa... | Dublin | 1 |